000 00540nam a2200181Ia 4500
003 GCL
008 140319s9999 xx 000 0 ara d
040 _aGCL /
_cGCL
082 0 4 _a819.9
_bع ا
100 1 _aعباس محمود العقاد
245 1 0 _aالله /
_cعباس محمود العقاد
260 _aالقاهرة :
_bمطابع الاهرام التجارية ،
_c1972
300 _a223 ص ؛
_c20 سم
650 0 4 _aالفلسفة
650 0 4 _aالتوحيد
650 0 4 _aعلوم القران
942 _2ddc
_cBK
999 _c46165
_d46165